The art of writing : (Record no. 202350)
[ view plain ]
| 000 -LEADER | |
|---|---|
| fixed length control field | 00566cam8a220020500 4500 |
| 001 - CONTROL NUMBER | |
| control field | tmp15868604 |
| 003 - CONTROL NUMBER IDENTIFIER | |
| control field | UPRA |
| 005 - DATE AND TIME OF LATEST TRANSACTION | |
| control field | 20190830130015.0 |
| 008 - FIXED-LENGTH DATA ELEMENTS--GENERAL INFORMATION | |
| fixed length control field | 951108s1965 fr i eng u |
| 010 ## - LIBRARY OF CONGRESS CONTROL NUMBER | |
| LC control number | 65006015 |
| 035 ## - SYSTEM CONTROL NUMBER | |
| System control number | (Sirsi) r74212 |
| 035 ## - SYSTEM CONTROL NUMBER | |
| System control number | (UPRA)tmp15868604 |
| 040 ## - CATALOGING SOURCE | |
| Transcribing agency | UPRA |
| 110 2# - MAIN ENTRY--CORPORATE NAME | |
| Corporate name or jurisdiction name as entry element | Unesco. |
| Linkage | A3932.1 |
| 245 14 - TITLE STATEMENT | |
| Title | The art of writing : |
| Remainder of title | an exhibition in fifty panels. |
| 260 ## - PUBLICATION, DISTRIBUTION, ETC. | |
| Place of publication, distribution, etc. | [Paris, |
| Date of publication, distribution, etc. | 1965] |
| 650 #0 - SUBJECT ADDED ENTRY--TOPICAL TERM | |
| Topical term or geographic name entry element | Writing -- History. |
| General subdivision | Writing -- History. |
| Linkage | S6550.1 |
| 949 ## - LOCAL PROCESSING INFORMATION (OCLC) | |
| a | (O2) 1965/4 |
| w | lcc |
| m | MAIN |
| t | BOOK |
| l | ON-SHELF |
No items available.